| 000 | 02299nam0a2200337 4500 | ||
|---|---|---|---|
| 001 | RU\NLR\BIBL_A\022271214 | ||
| 005 | 20260420011733.0 | ||
| 010 |
_a978-5-89588-594-9 _9300 |
||
| 021 |
_aRU _bКН-П-24-031616 _9КН-П-24-3196 |
||
| 035 | _a(NLR Aleph) 022271214 | ||
| 090 |
_a13660120 _c13660120 |
||
| 100 | _a20240704d2023 u y0rusy50 ca | ||
| 101 | 0 | _arus | |
| 102 | _aRU | ||
| 105 | _aac j 000yy | ||
| 181 | 0 |
_ai3 _baxxe |
|
| 182 | 0 | _an | |
| 200 | 1 |
_aАртросиндесмология _eучебное пособие _eдля обучающихся 1 курса по специальности 31.05.01 Лечебное дело для самостоятельной подготовки _fД. А. Старчиков, Е. А. Шуркус, И. С. Мельниченко _gМинистерство здравоохранения Российской Федерации, Федеральное государственное бюджетное образовательное учреждение высшего образования "Северо-Западный государственный медицинский университет имени И. И. Мечникова" Министерства здравоохранения Российской Федерации (ФГБОУ ВО СЗГМУ им. И. И. Мечникова Минздрава России), Кафедра морфологии человека |
|
| 203 |
_aТекст _bвизуальный _cнепосредственный |
||
| 210 |
_aСанкт-Петербург _cИзд-во ФГБОУ ВО СЗГМУ им И. И. Мечникова Минздрава России _d2023 |
||
| 215 |
_a198 с. _cил., портр., табл. _d21 |
||
| 320 | _aБиблиогр.: с. 192-196 | ||
| 606 | 1 |
_aАртросиндесмология _jУчебные издания для высших учебных заведений _91031095 _3RU\NLR\AUTH\6677774 |
|
| 686 | 1 | _aЕ863.13я732Р | |
| 700 | 1 |
_aСтарчик _bД. А. _gДмитрий Анатольевич |
|
| 701 | 1 |
_aШуркус _bЕ. А. _gЕвгения Алексеевна |
|
| 701 | 1 |
_aМельниченко _bИ. С. |
|
| 942 | _cBOOK | ||
| 980 | _aNB | ||